<?xml version="1.0" encoding="UTF-8"?>
<collection xmlns="http://www.loc.gov/MARC21/slim">
 <record>
  <leader>04132pam a22003258a 4500</leader>
  <controlfield tag="001">00031186</controlfield>
  <controlfield tag="005">20171026081025.0</controlfield>
  <controlfield tag="008">130925s2013                  ||||||viesd</controlfield>
  <datafield tag="020" ind1="#" ind2="#">
   <subfield code="c">0</subfield>
  </datafield>
  <datafield tag="041" ind1="0" ind2="#">
   <subfield code="a">vie</subfield>
  </datafield>
  <datafield tag="082" ind1="1" ind2="4">
   <subfield code="a">807</subfield>
   <subfield code="b">CH561TR</subfield>
  </datafield>
  <datafield tag="245" ind1="1" ind2="0">
   <subfield code="a">Chương trình giáo dục đại học đào tạo giáo viên trung học phổ thông theo hệ thống tín chỉ ngành ngữ văn</subfield>
  </datafield>
  <datafield tag="260" ind1="#" ind2="#">
   <subfield code="a">Hà Nội</subfield>
   <subfield code="b">Văn hóa thông tin</subfield>
   <subfield code="c">2013</subfield>
  </datafield>
  <datafield tag="300" ind1="#" ind2="#">
   <subfield code="a">315 tr.</subfield>
   <subfield code="c">27 cm.</subfield>
  </datafield>
  <datafield tag="500" ind1="#" ind2="#">
   <subfield code="a">Đầu bìa sách ghi: Bộ Giáo dục và Đào tạo MOET. Ngân hàng phát triển Châu Á ADB. Dự án PT GV THPT&amp;TCCN- Trường Đại học Sư phạm- Đại học Huế</subfield>
  </datafield>
  <datafield tag="653" ind1="#" ind2="#">
   <subfield code="a">Chương trình đào tạo</subfield>
  </datafield>
  <datafield tag="653" ind1="#" ind2="#">
   <subfield code="a">Giáo dục đại học</subfield>
  </datafield>
  <datafield tag="653" ind1="#" ind2="#">
   <subfield code="a">Trung học phổ thông</subfield>
  </datafield>
  <datafield tag="653" ind1="#" ind2="#">
   <subfield code="a">Ngữ văn</subfield>
  </datafield>
  <datafield tag="852" ind1="#" ind2="#">
   <subfield code="b">Kho giáo trình</subfield>
   <subfield code="j">KGT.0040963, KGT.0040964, KGT.0040965, KGT.0040966, KGT.0040967, KGT.0040968, KGT.0040969, KGT.0040970, KGT.0040971, KGT.0040972, KGT.0040973, KGT.0040974, KGT.0040975, KGT.0040976, KGT.0040977, KGT.0040978, KGT.0040979, KGT.0040980, KGT.0040981, KGT.0040982, KGT.0040983, KGT.0040984, KGT.0040985, KGT.0040986, KGT.0040987, KGT.0040988, KGT.0040989, KGT.0040990, KGT.0040991, KGT.0041622, KGT.0041623, KGT.0041624, KGT.0041625, KGT.0041626, KGT.0041627, KGT.0041628, KGT.0041629, KGT.0041630, KGT.0041631, KGT.0041632, KGT.0041633, KGT.0041634, KGT.0041635, KGT.0041636, KGT.0041637, KGT.0041638, KGT.0041639, KGT.0041640, KGT.0041641, KGT.0041642, KGT.0041643, KGT.0041644, KGT.0041645, KGT.0041646, KGT.0041647, KGT.0041648, KGT.0041649, KGT.0041650, KGT.0041651, KGT.0041652, KGT.0041653, KGT.0041654, KGT.0041655, KGT.0041656, KGT.0041657, KGT.0041658, KGT.0041659, KGT.0041660, KGT.0041661, KGT.0041662, KGT.0041663, KGT.0041664, KGT.0041665, KGT.0041666, KGT.0041667, KGT.0041668, KGT.0041669, KGT.0041670, KGT.0041671, KGT.0041672, KGT.0041673, KGT.0041674, KGT.0041675, KGT.0041676, KGT.0041677, KGT.0041678, KGT.0041679, KGT.0041680, KGT.0041681, KGT.0041682, KGT.0041683, KGT.0041684, KGT.0041685, KGT.0041686, KGT.0041687, KGT.0041688, KGT.0041689, KGT.0041690, KGT.0041691, KGT.0041692, KGT.0041693, KGT.0041694, KGT.0041695, KGT.0041696, KGT.0041697, KGT.0041698, KGT.0041699, KGT.0041700, KGT.0041701, KGT.0041702, KGT.0041703, KGT.0041704, KGT.0041705, KGT.0041706, KGT.0041707, KGT.0041708, KGT.0041709</subfield>
  </datafield>
  <datafield tag="852" ind1="#" ind2="#">
   <subfield code="b">Kho mượn</subfield>
   <subfield code="j">KGT.0041622</subfield>
  </datafield>
  <datafield tag="852" ind1="#" ind2="#">
   <subfield code="j">KGT.0041644</subfield>
   <subfield code="j">KGT.0041645</subfield>
   <subfield code="j">KGT.0041646</subfield>
   <subfield code="j">KGT.0041648</subfield>
   <subfield code="j">KGT.0041649</subfield>
   <subfield code="j">KGT.0041693</subfield>
   <subfield code="j">KGT.0041694</subfield>
   <subfield code="j">KGT.0041696</subfield>
   <subfield code="j">KGT.0041697</subfield>
   <subfield code="j">KGT.0041699</subfield>
   <subfield code="j">KGT.0041700</subfield>
   <subfield code="j">KGT.0041673</subfield>
   <subfield code="j">KGT.0041674</subfield>
   <subfield code="j">KGT.0041676</subfield>
   <subfield code="j">KGT.0041677</subfield>
   <subfield code="j">KGT.0041679</subfield>
   <subfield code="j">KGT.0041680</subfield>
   <subfield code="j">KGT.0041682</subfield>
   <subfield code="j">KGT.0041684</subfield>
   <subfield code="j">KGT.0041685</subfield>
   <subfield code="j">KGT.0041687</subfield>
   <subfield code="j">KGT.0041688</subfield>
   <subfield code="j">KGT.0041690</subfield>
   <subfield code="j">KGT.0041691</subfield>
   <subfield code="j">KGT.0040973</subfield>
   <subfield code="j">KGT.0040974</subfield>
   <subfield code="j">KGT.0040975</subfield>
   <subfield code="j">KGT.0040977</subfield>
   <subfield code="j">KGT.0040978</subfield>
   <subfield code="j">KGT.0040980</subfield>
   <subfield code="j">KGT.0040981</subfield>
   <subfield code="j">KGT.0040983</subfield>
   <subfield code="j">KGT.0040984</subfield>
   <subfield code="j">KGT.0040986</subfield>
   <subfield code="j">KGT.0040987</subfield>
   <subfield code="j">KGT.0040989</subfield>
   <subfield code="j">KGT.0040991</subfield>
   <subfield code="j">KGT.0041651</subfield>
   <subfield code="j">KGT.0041653</subfield>
   <subfield code="j">KGT.0041654</subfield>
   <subfield code="j">KGT.0041656</subfield>
   <subfield code="j">KGT.0041657</subfield>
   <subfield code="j">KGT.0041659</subfield>
   <subfield code="j">KGT.0041660</subfield>
   <subfield code="j">KGT.0041662</subfield>
   <subfield code="j">KGT.0041664</subfield>
   <subfield code="j">KGT.0041665</subfield>
   <subfield code="j">KGT.0041667</subfield>
   <subfield code="j">KGT.0041668</subfield>
   <subfield code="j">KGT.0041670</subfield>
   <subfield code="j">KGT.0041671</subfield>
   <subfield code="j">KGT.0041623</subfield>
   <subfield code="j">KGT.0041624</subfield>
   <subfield code="j">KGT.0041626</subfield>
   <subfield code="j">KGT.0041627</subfield>
   <subfield code="j">KGT.0041629</subfield>
   <subfield code="j">KGT.0041630</subfield>
   <subfield code="j">KGT.0041632</subfield>
   <subfield code="j">KGT.0041633</subfield>
   <subfield code="j">KGT.0041635</subfield>
   <subfield code="j">KGT.0041636</subfield>
   <subfield code="j">KGT.0041638</subfield>
   <subfield code="j">KGT.0041640</subfield>
   <subfield code="j">KGT.0040964</subfield>
   <subfield code="j">KGT.0040965</subfield>
   <subfield code="j">KGT.0040967</subfield>
   <subfield code="j">KGT.0040969</subfield>
   <subfield code="j">KGT.0040970</subfield>
   <subfield code="j">KD.0014970</subfield>
   <subfield code="j">KGT.0041641</subfield>
   <subfield code="j">KGT.0041642</subfield>
   <subfield code="j">KGT.0041650</subfield>
   <subfield code="j">KGT.0041622</subfield>
   <subfield code="j">KGT.0041625</subfield>
   <subfield code="j">KGT.0041628</subfield>
   <subfield code="j">KGT.0041631</subfield>
   <subfield code="j">KGT.0041634</subfield>
   <subfield code="j">KGT.0041637</subfield>
   <subfield code="j">KGT.0041639</subfield>
   <subfield code="j">KGT.0041643</subfield>
   <subfield code="j">KGT.0041647</subfield>
   <subfield code="j">KGT.0041652</subfield>
   <subfield code="j">KGT.0041655</subfield>
   <subfield code="j">KGT.0041658</subfield>
   <subfield code="j">KGT.0041661</subfield>
   <subfield code="j">KGT.0041663</subfield>
   <subfield code="j">KGT.0041666</subfield>
   <subfield code="j">KGT.0041669</subfield>
   <subfield code="j">KGT.0041672</subfield>
   <subfield code="j">KGT.0041675</subfield>
   <subfield code="j">KGT.0041678</subfield>
   <subfield code="j">KGT.0041681</subfield>
   <subfield code="j">KGT.0041683</subfield>
   <subfield code="j">KGT.0041686</subfield>
   <subfield code="j">KGT.0041689</subfield>
   <subfield code="j">KGT.0041692</subfield>
   <subfield code="j">KGT.0041695</subfield>
   <subfield code="j">KGT.0041698</subfield>
   <subfield code="j">KGT.0041701</subfield>
   <subfield code="j">KGT.0040963</subfield>
   <subfield code="j">KGT.0040966</subfield>
   <subfield code="j">KGT.0040968</subfield>
   <subfield code="j">KGT.0040971</subfield>
   <subfield code="j">KGT.0040972</subfield>
   <subfield code="j">KGT.0040976</subfield>
   <subfield code="j">KGT.0040979</subfield>
   <subfield code="j">KGT.0040982</subfield>
   <subfield code="j">KGT.0040985</subfield>
   <subfield code="j">KGT.0040988</subfield>
   <subfield code="j">KGT.0040990</subfield>
  </datafield>
  <datafield tag="852" ind1="#" ind2="#">
   <subfield code="j">KD.0014970</subfield>
   <subfield code="b">Kho đọc</subfield>
  </datafield>
  <datafield tag="910" ind1=" " ind2=" ">
   <subfield code="d">9/2013</subfield>
  </datafield>
  <datafield tag="980" ind1="#" ind2="#">
   <subfield code="a">Trung tâm Học liệu Lê Vũ Hùng, Trường Đại học Đồng Tháp</subfield>
  </datafield>
 </record>
</collection>
